|
|
|
|
| LEADER |
00000nam a22000007a 4500 |
| 005 |
2020072009439.0 |
| 007 |
cr|||| |||| |
| 008 |
200720s2018 br |||||s|||| 00||0 por d |
| 020 |
|
|
|a 9788582481202
|
| 035 |
|
|
|a 31809
|
| 040 |
|
|
|a vLex
|
| 090 |
|
|
|c 10649
|d 10649
|
| 100 |
1 |
|
|a Dos Santos, Mauro Cesar
|
| 245 |
1 |
0 |
|a Direito Notarial e Registros Pb︢licos na Perspectiva da Advocacia
|h [Recurso electrn̤ico] /
|c Mauro Cesar Dos Santos
|n Volume II
|
| 256 |
|
|
|a Servicio en ln̕ea
|
| 260 |
|
|
|a San Pablo:
|b Letras Jurídicas Editora,
|c 2018
|
| 300 |
|
|
|a 1 recurso electrn̤ico
|
| 500 |
|
|
|a Apresentaȯ̂ obra coletiva: Em atendimento ao convite feito pelo ilustre Advogado e Professor Roberto J. Pugliese, Presidente da Comissô de Direito Notarial e Registros Pb︢licos, da Secȯ̂ de Santa Catarina da Ordem dos Advogados do Brasil, fui convidado ̉organizaȯ̂dos artigos dos membros da referida comissô a fim de serem publicados em livro como obra coletiva. Tal distinȯ̂honrou-me, pela confianȧ manifestada e pela oportunidade do feito, o qualest,̀ ora em diante sob o juz̕o dos futuros leitores.
|
| 506 |
1 |
|
|a Disponible solo en los productos indicados
|d vLex Global
|d vLex Global (Academic Edition, excluding Law Schools)
|d vLex Global (U.S. Academic Edition, Law Schools)
|d vLex Global (U.S. Academic Edition, excluding Law Schools)
|d vLex Global (Academic Edition, Law Schools)
|
| 650 |
0 |
4 |
|a Derecho Civil
|z Brasil
|
| 650 |
0 |
4 |
|a Derecho Pb︢lico y Administrativo
|z Brasil
|
| 740 |
0 |
|
|a vLex Libros (Servicio en ln̕ea)
|
| 856 |
4 |
0 |
|u http://vlex.com/source/direito-notarial-e-registros-publicos-na-perspectiva-da-advocacia-volume-ii-31809
|z Acceso restringido
|
| 942 |
|
|
|c BOOK
|
| 999 |
0 |
|
|a Civil Law
|
| 999 |
0 |
|
|a Public and Administrative Law
|